000 00586nam a2200241 a 4500
001 nice12345678
003 IN_TiNIC
005 20260116011427.0
008 050524s1939 laha grp 000 0 urd
020 _a
_c100
082 0 0 _a239
_bBAR6
100 _aBarkatullah, P
245 _aTauzih-Al-Bayan Fi Usul-Al-Qur`an.
260 _aLahore
_bPunjab Religious Booksociety
_c1939
300 _a94p
500 _aincludes index and biblioraphy
505 2 _aArchives
650 _aApologetics
700 1 _aBarkatullah, P
902 _bSRS
942 _cBK
999 _c1435
_d1435